000 00381nam a22001577a 4500
003 OSt
005 20160505102404.0
008 160505b xxu||||| |||| 00| 0 eng d
020 _a013041252X
040 _cN/A
050 _aLB2395.3
_b .H46 1996
100 _aDorothy Grant Hennings
245 _aReading with meaning
260 _aUSA
_bPrentice hall
_c2002
942 _2lcc
_cBK
999 _c253242
_d253241